01263pab a2200157 454500008003600000100001800036245010300054520071800157650001600875650001900891650001400910773004200924909001000966999001700976952011200993180718b xxu||||| |||| 00| 0 eng d aTaylor, Harry aPublic sector personnel management in three African countries: current poroblems and possibilities aPublic Administration as an aspect of government activity has existed as long as political systems have been functioning. At present, the stage of man's evolution, public administration is indespensable. No civilisation hope to function, without it. Urban society would be unhearable, law and order meaningless, development impracticable, world trade impassible and exalitarianism unattainable. The well-being of the community is increasingly becoming dependent on efficient governmental management, i.e. public administration. According to Prof. W.B. Donham "If our civilisation fails, it will be mainly because of a breakdown of administration. Hence, the author says that Public Administration embraces many ar a Management a Civil Service aPersonnel aPublic Administration and Development a21946 c21946d21946 00104070aIIPAbIIPAd2018-07-19hIssue no: 12(2), May 92, p.193-207pAR22015r2018-07-19w2018-07-19yAR